| 000 | 01002nam a22002777a 4500 | ||
|---|---|---|---|
| 003 | OSt | ||
| 005 | 20251205030227.0 | ||
| 008 | 251205b |||||||| |||| 00| 0 eng d | ||
| 020 | _a9715694608 | ||
| 040 |
_aDWCL - Main _cOC |
||
| 082 | _aFil. 363.7 Se497 2003 | ||
| 100 |
_aGalang, Angelina P. _eAuthor |
||
| 245 |
_aSeven lenses or environmental principles as if adults mattered / _cAngelina P. Galang [and six others] |
||
| 260 |
_aMakati City, Philippines: _bThe Bookmark, Inc., _cc2003. |
||
| 300 |
_a154 pages: _billustrations; _c26 cm. |
||
| 504 | _aIncludes bibliographical references. | ||
| 650 | _a1. Environmental education. | ||
| 650 | _a2. Environmental sciences. | ||
| 700 |
_aI. Reyes, Donna Paz T. _eAuthor |
||
| 700 |
_aII. De la Cruz, Editha L. _eAuthor |
||
| 700 |
_aIII. Oliva, Ma. Theresa M. _eAuthor |
||
| 700 |
_aIV. Pinpin, Lilibeth C. _eAuthor |
||
| 700 |
_aV. Mesina, Sylvia R. _eAuthor |
||
| 700 |
_aVI. Wood, Ma. Rosario G. _eAuthor |
||
| 942 |
_2ddc _cBK - FIL _n0 |
||
| 999 |
_c6917 _d6917 |
||